Švédské probuzení.

Švédsko bolo považované za model spravodlivého, demokratického socializmu, za tretiu cestu medzi kapitalizmom a socializmom. V posledných rokoch sa však ukazujú vážne problémy doterajšieho modelu hospodárenia. Začalo nadmerné zvyšovanie podielu verejných výdavkov, nekontrolovateľný rozmach verejného...

Descrizione completa

Salvato in:
Dettagli Bibliografici
Autore principale: Holman, R.
Natura: Capitolo di libro
Lingua:ceco
Soggetti:
Tags: Aggiungi Tag
Nessun Tag, puoi essere il primo ad aggiungerne!!

MARC

LEADER 00000naa a2200000 4500
001 r006533
005 20221125080248.6
041 0 |a cze 
044 |a [CS] 
245 1 0 |a Švédské probuzení.  |c R. Holman 
520 |a Švédsko bolo považované za model spravodlivého, demokratického socializmu, za tretiu cestu medzi kapitalizmom a socializmom. V posledných rokoch sa však ukazujú vážne problémy doterajšieho modelu hospodárenia. Začalo nadmerné zvyšovanie podielu verejných výdavkov, nekontrolovateľný rozmach verejného sektora, zvyšovali sa dane, spomaľoval sa rast produktivity práce, znižovala sa konkurencieschopnosť na zahraničných trhoch. Zdá sa, že experiment so socializmom končí. 
610 2 0 |a vývoj hospodársky 
610 2 0 |a Švédsko 
610 2 0 |a sektor verejný 
610 2 0 |a dane 
610 2 0 |a produktivita práce 
610 2 0 |a konkurencieschopnosť 
610 2 0 |a trh zahraničný 
610 2 0 |a socializmus demokratický 
100 1 |a Holman, R.